Náklady štátu spojené s výkonom väzby a výkonom trestu odňatia slobody bakalárska práca

Gespeichert in:
Bibliographische Detailangaben
1. Verfasser: Somsedíková, Natália
Körperschaft: Národohospodárska fakulta EU. Katedra sociálneho rozvoja a práce
Weitere Verfasser: Sika, Peter, 1975-
Format: Buch
Sprache:Slowakisch
Veröffentlicht: Bratislava 2020
Tags: Tag hinzufügen
Keine Tags, Fügen Sie das erste Tag hinzu!

MARC

LEADER 00000nbm a2200000 4500
001 0265505
005 20200910141258.2
041 0 |a slo 
044 |a SK 
245 1 0 |a Náklady štátu spojené s výkonom väzby a výkonom trestu odňatia slobody  |b bakalárska práca  |c Natália Somsedíková ; školiteľ: Peter Sika 
264 1 |a Bratislava  |c 2020 
300 |a 50 s. 
100 1 |a Somsedíková, Natália 
700 1 |a Sika, Peter, 1975- 
710 2 |a Národohospodárska fakulta EU. Katedra sociálneho rozvoja a práce